| 000 | 00509nam a2200193 a 4500 | ||
|---|---|---|---|
| 001 | 1252 | ||
| 003 | CDMR | ||
| 005 | 20131128173456.0 | ||
| 008 | 130130s1973||||||||||||||||||||||||||||d | ||
| 020 | _a8434407108 | ||
| 040 |
_aCDMR _bcat _cCDMR |
||
| 100 | 1 |
_aFrege, Gottlob _9973 |
|
| 245 | 1 | 0 |
_aEstudios sobre semántica _cGottlob Frege ; introducción de Jesús Mosterín |
| 260 |
_aBarcelona _c1973 _bAriel |
||
| 300 | _a179 p. | ||
| 490 | 0 | _aAriel Quincenal | |
| 650 | 0 | 4 |
_94409 _aSemàntica |
| 942 |
_cMON _2udc |
||
| 999 |
_c1252 _d1252 |
||